History Quiz

Random History or Country Quiz

Euro Replaced Currencies Quiz Stats

 Plays Quiz Updated Oct 4, 2018

Support Sporcle.
Go Orange.
Score 0/22 Timer 04:00
19 Plays Today
Country Currency Name % Correct
LuxembourgFranc
93%
FranceFranc
92.9%
BelgiumFranc
92.9%
MonacoFranc
92.9%
GermanyDeutsche Mark
82.6%
ItalyLira
81.3%
Vatican CityLira
81.3%
San MarinoLira
81.3%
MaltaLira
81.3%
FinlandMarkka
78.1%
IrelandPunt Éireannach
73.9%
Country Currency Name % Correct
CyprusPound
69.4%
SpainPeseta
43.8%
GreeceDrachma
42.3%
NetherlandsGuilder
28.2%
AustriaSchilling
27.6%
PortugalEscudo
21.2%
LatviaLats
20.3%
SlovakiaKoruna
19.3%
LithuaniaLitas
16.3%
EstoniaEstonian Kroon
13.4%
SloveniaTolar
9.5%

You're not logged in!

Compare scores with friends on all Sporcle quizzes.
OR
Log In

From the Vault

IPA Pronunciation

by Detektor

If you think this quiz is about India Pale Ale, you will be disappointed.
Remove Ads.
Support Sporcle.
Get the best of Sporcle when you Go Orange. This ad-free experience offers more features, more stats, and more fun while also helping to support Sporcle. Thank you for becoming a member.

Show Comments

Extras

Top Quizzes Today


Score Distribution

Your Account Isn't Verified!

In order to create a playlist on Sporcle, you need to verify the email address you used during registration. Go to your Sporcle Settings to finish the process.

Report this User

Report this user for behavior that violates our Community Guidelines.

Details: